书目信息 |
| 题名: |
安全编程修炼之道
|
|
| 作者: | 福斯特 , 普里斯 著 ;邓劲生 译 | |
| 分册: | ||
| 出版信息: | 北京 清华大学出版社 2006.09 |
|
| 页数: | 629页 | |
| 开本: | 26cm | |
| 丛书名: | 安全技术经典译丛 | |
| 单 册: | ||
| 中图分类: | TP393.08 | |
| 科图分类: | ||
| 主题词: | 计算机网络--ji suan ji wang luo--安全技术--指南 | |
| 电子资源: | ||
| ISBN: | 7-302-13216-X | |
| 000 | 01200nam 2200313 450 | |
| 001 | 012008443625 | |
| 005 | 20080421140932.09 | |
| 010 | @a7-302-13216-X@dCNY78.00 | |
| 100 | @a20080419d2006 em y0chiy0120 ea | |
| 101 | 1 | @achi@ceng |
| 102 | @aCN@b110000 | |
| 105 | @aak z 000yy | |
| 106 | @ar | |
| 200 | 1 | @a安全编程修炼之道@Aan quan bian cheng xiu lian zhi dao@f(美) James C. Foster, Mike Price著@F(mei)James C.Foster,Mike Price zhu@g邓劲生译@Gdeng jin sheng yi |
| 210 | @a北京@c清华大学出版社@d2006.09 | |
| 215 | @a629页@c图@d26cm | |
| 225 | 2 | @a安全技术经典译丛@Aan quan ji shu jing dian yi cong |
| 312 | @a英文并列题名取自封面 | |
| 314 | @a责任者规范汉译姓为: 福斯特、普里斯 | |
| 330 | @a本书内容包括:安全编码基础、套接字、可移植的网络编程、编写安全组件、创建Web安全工具等。 | |
| 410 | 0 | @12001 @a安全技术经典译丛 |
| 500 | 10 | @aSockets shellcode porting & coding@mChinese |
| 606 | 0 | @a计算机网络@Aji suan ji wang luo@x安全技术@j指南 |
| 690 | @aTP393.08@v4 | |
| 701 | 1 | @a福斯特@Afu si te@g(Foster, J. C.)@4著 |
| 701 | 1 | @a普里斯@Apu li si@g(Price, M.)@4著 |
| 702 | 0 | @a邓劲生@Adeng jin sheng@4译 |
| 801 | 0 | @aCN@bQSSK@c20080421 |
| 905 | @b293267-68@dTP393.08@eF758@f2 | |
| 安全编程修炼之道/(美) James C. Foster, Mike Price著/邓劲生译.-北京:清华大学出版社,2006.09 |
| 629页:图;26cm.-(安全技术经典译丛) |
| ISBN 7-302-13216-X:CNY78.00 |
| 本书内容包括:安全编码基础、套接字、可移植的网络编程、编写安全组件、创建Web安全工具等。 |
| ● |
| 相关链接 |
|
|
|
正题名:安全编程修炼之道
索取号:TP393.08/F758
 
预约/预借
| 序号 | 登录号 | 条形码 | 馆藏地/架位号 | 状态 | 备注 |
| 1 | 293267 | 202932675 | 自科库301/301自科库 121排2列4层/ [索取号:TP393.08/F758] | 在馆 | |
| 2 | 293268 | 202932684 | 自科库301/301自科库 121排2列4层/ [索取号:TP393.08/F758] | 在馆 |